000
00322nam a22001457a 4500
008
230322b ||||| |||| 00| 0 eng d
020
_a
9781585100095
041
_a
eng
080
_a
159.9
082
_a
159.9MAH
100
_a
25
101
_a
PSI
245
_a
ROMAN SPORTSAND SPECTACLES
_c
MAHONEY A
942
_2
udc
_c
BK
999
_c
59426
_d
59426